[Event "29th Czech Open A 2018"]
[Site "Pardubice CZE"]
[Date "2018.07.25"]
[Round "6.83"]
[White "Priyanka, Nutakki"]
[Black "Nyysti, Sampsa"]
[Result "1/2-1/2"]
[BlackTitle "IM"]
[WhiteElo "2180"]
[BlackElo "2314"]
[WhiteFideId "25049615"]
[BlackFideId "502138"]
[EventDate "2018.07.20"]

1. e4 e5 2. Nf3 Nc6 3. Bc4 Bc5 4. d3 Nf6 5. O-O d6 6. a4 a6 7. c3 Ba7 8. h3 h6
9. Nbd2 Qe7 10. Re1 g5 11. Nf1 g4 12. hxg4 Nxg4 13. d4 Qf6 14. Be3 Nxe3 15. Nxe3
Ne7 16. Nd5 Nxd5 17. exd5 Bg4 18. dxe5 dxe5 19. Qe2 O-O-O 20. Qxe5 Qg6 21. Qg3
Rhg8 22. a5 Qh5 23. Kf1 Bxf3 24. Qxf3 Qh1+ 25. Ke2 Qxg2 26. Qxg2 Rxg2 27. Rf1
Re8+ 28. Kd3 Bxf2 29. Rad1 Bc5 30. Rd2 Rg4 31. Bb3 Rg3+ 32. Kc2 Bd6 33. Rxf7 Rh8
34. Ba4 h5 35. Rd3 h4 36. Bd7+ Kd8 37. Bh3 Rhg8 38. Rdf3 Rxf3 39. Rxf3 Ke7 40.
Kd3 Rg1 41. Be6 Rg3 1/2-1/2

[Event "29th Czech Open A 2018"]
[Site "Pardubice CZE"]
[Date "2018.07.25"]
[Round "6.84"]
[White "Murko, David"]
[Black "Haring, Filip"]
[Result "1/2-1/2"]
[BlackTitle "FM"]
[WhiteElo "2149"]
[BlackElo "2310"]
[WhiteFideId "14613891"]
[BlackFideId "14933080"]
[EventDate "2018.07.20"]

1. e4 c5 2. Nf3 e6 3. d4 cxd4 4. Nxd4 Nc6 5. Nc3 Qc7 6. Be3 a6 7. a3 Nf6 8. f4
d6 9. Qf3 Be7 10. O-O-O Bd7 11. g4 h6 12. Rg1 Rc8 13. h4 Nxd4 14. Bxd4 e5 15.
Bf2 d5 16. Bd3 Bxa3 17. Nxd5 Nxd5 18. exd5 Bd6 19. Qe4 Kf8 20. fxe5 Bxe5 21.
Rgf1 Re8 22. Kb1 f6 23. Qg6 Rd8 24. g5 Be8 25. Qe4 Bf7 26. gxf6 gxf6 27. Qb4+
Bd6 28. Qb3 b5 29. Bd4 Be5 30. Qb4+ Qe7 31. Bc5 Bd6 32. Bxd6 Qxd6 33. Qg4 Rg8
34. Qf3 Qxd5 35. Qxd5 Rxd5 36. Rxf6 Ke7 37. Rxa6 h5 38. Ra7+ Kf8 39. Rxf7+ Kxf7
40. Bg6+ Kxg6 41. Rxd5 Rb8 42. Ka2 Ra8+ 43. Kb3 Ra4 44. Rg5+ Kh6 45. Rxb5 Rxh4
46. c4 Kg6 47. Re5 Kf6 48. Re1 Rg4 49. Kb4 Rg8 50. c5 h4 51. Kc4 h3 52. c6 h2
53. Rh1 Rh8 54. Kc5 Ke7 55. b4 Kd8 56. Kb6 Rh7 57. b5 Kc8 58. Rf1 Kd8 59. Rh1
Kc8 60. Rf1 Kd8 61. c7+ Rxc7 62. Rf8+ Ke7 63. Rh8 Rc2 64. Kb7 Kf6 65. b6 Kg5 66.
Ka7 Kg4 67. b7 Rb2 1/2-1/2

[Event "29th Czech Open A 2018"]
[Site "Pardubice CZE"]
[Date "2018.07.25"]
[Round "6.86"]
[White "Zhuravlev, Stepan"]
[Black "Ilic, Zoran S"]
[Result "0-1"]
[BlackTitle "IM"]
[WhiteElo "2121"]
[BlackElo "2303"]
[WhiteFideId "34120197"]
[BlackFideId "901733"]
[EventDate "2018.07.20"]

1. d4 Nf6 2. c4 e6 3. Nc3 Bb4 4. Qc2 c5 5. dxc5 O-O 6. a3 Bxc5 7. Nf3 b6 8. Bf4
Bb7 9. e3 Nc6 10. Be2 Be7 11. h3 Rc8 12. O-O Na5 13. Nd2 d5 14. Qa4 Bc6 15. Qd1
dxc4 16. Nxc4 Nxc4 17. Bxc4 Bxg2 18. Bxe6 Rxc3 19. Qxd8 Rxd8 20. Kxg2 Rc2 21.
Bf5 Rxb2 22. a4 Nd5 23. Kf3 g6 24. Be4 Nxf4 25. Kxf4 Bh4 26. a5 Bxf2 27. axb6
axb6 28. Rfd1 Rxd1 29. Rxd1 Rb3 30. Rd3 Rxd3 31. Bxd3 f6 32. Kf3 Be1 33. Ke4 Bd2
34. Kd4 Kg7 35. e4 Bf4 36. Kd5 Kh6 37. Ke6 Be5 38. Kf7 Kg5 39. Kg7 h5 40. Kh7 h4
41. Be2 f5 42. exf5 gxf5 43. Bd3 Bc3 44. Bf1 f4 45. Be2 Bb2 46. Kg8 Kf5 47. Kf7
Ke4 48. Kg6 f3 49. Bb5 Kf4 50. Kh5 Kg3 51. Bf1 Bc1 0-1

[Event "29th Czech Open A 2018"]
[Site "Pardubice CZE"]
[Date "2018.07.25"]
[Round "6.87"]
[White "Svanda, Ondrej"]
[Black "Heinemann, Josefine"]
[Result "1/2-1/2"]
[BlackTitle "WIM"]
[WhiteElo "2111"]
[BlackElo "2294"]
[WhiteFideId "359670"]
[BlackFideId "12900460"]
[EventDate "2018.07.20"]

1. e4 c5 2. Nf3 d6 3. d4 cxd4 4. Nxd4 Nf6 5. Nc3 a6 6. Be2 e6 7. O-O Nbd7 8. a4
b6 9. f4 Bb7 10. Bf3 Rc8 11. Qe2 Qc7 12. Be3 Qc4 13. Qd3 h5 14. h3 e5 15. Nf5
Qxd3 16. cxd3 g6 17. Ng3 Bh6 18. Nge2 h4 19. Kf2 Ke7 20. Rac1 Nc5 21. Rfd1 Nb3
22. Rb1 Nd7 23. Bg4 Nbc5 24. fxe5 Bxe3+ 25. Kxe3 dxe5 26. d4 exd4+ 27. Rxd4 Ne6
28. Bxe6 fxe6 29. Rbd1 Ne5 30. Nf4 Rc7 31. Ke2 Rf8 32. Nd3 Nc6 33. Rc4 Rcc8 34.
e5 g5 35. Re4 Rcd8 36. Nf2 Rxd1 37. Ncxd1 Rf5 38. Nd3 a5 39. Ne3 Rf8 40. Nc4 Nb4
41. Rg4 Nxd3 42. Kxd3 Rf5 43. Nxb6 Rxe5 44. Nc4 Rd5+ 45. Ke3 Rf5 46. Nd2 Rc5 47.
g3 hxg3 48. Rxg3 Kf6 49. Rg4 Re5+ 50. Kf2 Bc6 51. h4 gxh4 52. Rxh4 Rg5 53. Ne4+
Bxe4 54. Rxe4 Rc5 55. b4 axb4 56. Rxb4 e5 57. Kf3 Kf5 58. Ke3 Rc3+ 59. Ke2 Ra3
60. Kf2 Ke6 61. Ke2 Kd5 62. Rb5+ Ke4 63. Rb4+ Kf5 64. Kf2 e4 65. Rb8 Rxa4 66.
Rf8+ Ke5 67. Ke2 Ra5 68. Re8+ Kd4 69. Rd8+ Rd5 70. Rxd5+ Kxd5 71. Ke3 Ke5 72.
Ke2 Kf4 73. Kf2 e3+ 74. Ke2 Ke4 75. Ke1 Kd3 76. Kd1 e2+ 77. Ke1 Ke3 1/2-1/2

[Event "29th Czech Open A 2018"]
[Site "Pardubice CZE"]
[Date "2018.07.25"]
[Round "6.88"]
[White "Claridge-Hansen, William"]
[Black "Zlatin, Alexander"]
[Result "1-0"]
[WhiteTitle "FM"]
[WhiteElo "2291"]
[BlackElo "2200"]
[WhiteFideId "422509"]
[BlackFideId "2810549"]
[EventDate "2018.07.20"]

1. c4 e6 2. g3 d5 3. Bg2 dxc4 4. Qa4+ Nd7 5. Qxc4 a6 6. Qb3 Ngf6 7. Nf3 c5 8. a4
Rb8 9. a5 Bd6 10. d3 O-O 11. O-O b5 12. axb6 Nxb6 13. Nc3 Qc7 14. Nd2 Rd8 15.
Na4 Nfd5 16. Nxb6 Nxb6 17. Qc2 Bb7 18. Bxb7 Qxb7 19. b3 Nd5 20. Bb2 f6 21. Qc4
Nc7 22. Bc3 Be7 23. Ra2 Rd5 24. Rb1 Kf7 25. Qh4 h6 26. Nc4 Nb5 27. Ba1 Nd4 28.
Ne3 Rd7 29. Qh5+ Kf8 30. Ng2 Rd5 31. Qh3 Re5 32. Nf4 Kf7 33. e3 Nf3+ 34. Kf1 Rf5
35. e4 c4 36. exf5 cxd3 37. fxe6+ Kg8 38. Nxd3 Qe4 39. Rd1 Rxb3 40. Nc1 Nd2+ 41.
Rdxd2 Qh1+ 42. Ke2 Qf3+ 43. Ke1 Rb1 44. Bb2 Bb4 45. e7 Bxd2+ 46. Kxd2 Qxf2+ 47.
Ne2 Qe1+ 48. Ke3 1-0

[Event "29th Czech Open A 2018"]
[Site "Pardubice CZE"]
[Date "2018.07.25"]
[Round "6.89"]
[White "Machlik, Edit"]
[Black "Obsivac, Josef"]
[Result "1/2-1/2"]
[BlackTitle "FM"]
[WhiteElo "2046"]
[BlackElo "2290"]
[WhiteFideId "1513591"]
[BlackFideId "303690"]
[EventDate "2018.07.20"]

1. d4 Nf6 2. c4 c5 3. d5 b5 4. Qc2 bxc4 5. e4 e6 6. Bxc4 exd5 7. exd5 d6 8. Nc3
Be7 9. Nge2 O-O 10. O-O Nbd7 11. Ng3 Nb6 12. b3 Ng4 13. Bf4 Bg5 14. Bxg5 Qxg5
15. Be2 Nf6 16. Rad1 Bd7 17. Qd3 Rab8 18. Bf3 Nc8 19. Rfe1 Rb4 20. Qa6 Qh6 21.
Qd3 Rd4 22. Qc2 Nb6 23. Rxd4 cxd4 24. Nce2 Re8 25. Rd1 Ng4 26. h3 d3 27. Qxd3
Ne5 28. Qe4 Qf6 29. Nd4 g6 30. Be2 Kg7 31. Bb5 Nc6 32. dxc6 Rxe4 33. Nxe4 Qe7
34. cxd7 Nxd7 35. Nxd6 Kg8 36. Bxd7 Qxd7 37. Nc4 h5 38. Rd2 Qc7 39. Nb5 Qc5 40.
Nbd6 Qg5 41. Ne3 Qe5 42. Ndc4 Qe4 43. Nd6 Qe5 44. Nec4 Qf4 45. a4 Qf6 46. Rd3 h4
47. Rf3 Qa1+ 48. Kh2 f5 49. a5 a6 50. Nxf5 gxf5 51. Rxf5 Qc1 52. Rf3 Kg7 53. Re3
Qc2 54. Rf3 Qc1 55. g3 hxg3+ 56. Rxg3+ Kf6 57. Kg2 Qe1 58. Re3 Qd1 59. Rf3+ Kg5
60. Rg3+ Kf6 61. h4 Qd5+ 62. Rf3+ Kg6 63. Kg3 Kh5 64. Re3 Qg8+ 65. Kh2 Qf8 66.
Kg3 Qg8+ 67. Kh2 Qf8 68. Kg2 Kxh4 69. Kf1 Qf5 70. Ke2 Qc2+ 71. Kf3 Qf5+ 72. Ke2
Qc2+ 73. Nd2 Qc6 74. Re4+ Kh5 75. b4 Kg6 76. f3 Kf6 77. Kd3 Qa4 78. Rc4 Qa3+ 79.
Ke4 Qb2 80. Rc6+ Ke7 81. Nc4 1/2-1/2

[Event "29th Czech Open A 2018"]
[Site "Pardubice CZE"]
[Date "2018.07.25"]
[Round "6.90"]
[White "Haring, Viktor"]
[Black "Suta, Andraz"]
[Result "1/2-1/2"]
[WhiteTitle "FM"]
[WhiteElo "2289"]
[BlackElo "2197"]
[WhiteFideId "14919400"]
[BlackFideId "14613190"]
[EventDate "2018.07.20"]

1. e4 e5 2. Nf3 Nc6 3. Bb5 a6 4. Ba4 Nf6 5. O-O Be7 6. Re1 b5 7. Bb3 d6 8. c3
O-O 9. h3 Bb7 10. d4 Re8 11. Nbd2 Bf8 12. Bc2 h6 13. d5 Ne7 14. Nh4 c6 15. dxc6
Nxc6 16. Nf5 g6 17. Ne3 Bg7 18. a4 Qc7 19. Bd3 b4 20. Qe2 bxc3 21. bxc3 Ne7 22.
Ng4 Nxg4 23. hxg4 d5 24. Ba3 dxe4 25. Bxe4 Nd5 26. Qf3 Rad8 27. c4 Nf4 28. Bxb7
Rxd2 29. Bc1 Ne2+ 30. Rxe2 Rxe2 31. Qxe2 Qxb7 32. Be3 Qc6 33. c5 f5 34. gxf5
gxf5 35. Qc4+ Kh8 36. Rb1 f4 37. Rb6 Qc8 38. Bc1 Rd8 39. Bb2 Qg4 40. Rd6 Rxd6
41. cxd6 Qd1+ 42. Kh2 Qh5+ 43. Kg1 Qd1+ 44. Kh2 1/2-1/2

[Event "29th Czech Open A 2018"]
[Site "Pardubice CZE"]
[Date "2018.07.25"]
[Round "6.91"]
[White "Mosesov, Danylo"]
[Black "Wong, Gengchun"]
[Result "1/2-1/2"]
[WhiteTitle "FM"]
[WhiteElo "2282"]
[BlackElo "2162"]
[WhiteFideId "14149494"]
[BlackFideId "12963283"]
[EventDate "2018.07.20"]

1. e4 c5 2. d4 cxd4 3. c3 dxc3 4. Nxc3 Nc6 5. Nf3 e6 6. Bc4 a6 7. O-O b5 8. Bb3
Nge7 9. Bg5 h6 10. Be3 Ng6 11. Qe2 Be7 12. Rfd1 O-O 13. Rac1 Bb7 14. Bc2 Rc8 15.
Bb1 Na5 16. Nd2 Bc6 17. Qg4 Kh8 18. f4 Bb7 19. e5 Nc4 20. Nxc4 Rxc4 21. b3 Bc5
22. Bxc5 Rxc5 23. Bxg6 fxg6 24. Kh1 Kh7 25. h3 Rf5 26. Qg3 g5 27. Ne2 Rxc1 28.
Rxc1 gxf4 29. Nxf4 Qg5 30. Qxg5 Rxg5 31. Re1 Rg3 32. Kh2 Rc3 33. Re2 Kg8 34. Kg1
a5 35. Kf2 Kf7 36. Rd2 Bc6 37. h4 a4 38. bxa4 bxa4 39. h5 a3 40. Ke2 Rc5 41. Ng6
Ke8 42. Ke3 Kd8 43. Rd3 Ra5 44. Rd2 Rb5 45. Rd3 Ra5 46. Rd2 Ra4 47. g3 Re4+ 48.
Kf2 Rb4 49. Nf4 Rb2 50. Ke3 Ke7 51. Nd3 Rb1 52. Nf4 Bb5 53. Rc2 Rb2 54. Rc8 d6
55. Rc7+ Bd7 56. Ng6+ Kd8 57. exd6 Rb6 58. Ra7 Rxd6 59. Rxa3 Rd5 60. g4 e5 61.
Ra8+ 1/2-1/2

[Event "29th Czech Open A 2018"]
[Site "Pardubice CZE"]
[Date "2018.07.25"]
[Round "6.92"]
[White "Polgar-Shutzman, Tom"]
[Black "Serrano Salvador, Eduardo"]
[Result "1-0"]
[BlackTitle "FM"]
[WhiteElo "2076"]
[BlackElo "2280"]
[WhiteFideId "2064880"]
[BlackFideId "2214075"]
[EventDate "2018.07.20"]

1. e4 e5 2. Nf3 Nf6 3. Nc3 Nc6 4. h3 Bb4 5. Bd3 d6 6. O-O a6 7. Re1 O-O 8. Nd5
Nxd5 9. exd5 Ne7 10. a3 Ba5 11. b4 Bb6 12. c4 Ng6 13. Bxg6 fxg6 14. d4 exd4 15.
Nxd4 Rxf2 16. Be3 Rf8 17. Qc2 Qh4 18. c5 dxc5 19. bxc5 Ba7 20. Rf1 Rxf1+ 21.
Rxf1 Qe7 22. Qb3 Kh8 23. d6 cxd6 24. Rf7 Qe8 25. cxd6 Bd7 26. Re7 Qf8 27. Rxd7
Re8 28. Qf7 Qxf7 29. Rxf7 Kg8 30. Rxb7 1-0

[Event "29th Czech Open A 2018"]
[Site "Pardubice CZE"]
[Date "2018.07.25"]
[Round "6.93"]
[White "Sosovicka, Jakub"]
[Black "Nazaryev, Sergey"]
[Result "1/2-1/2"]
[WhiteElo "1982"]
[BlackElo "2269"]
[WhiteFideId "14929210"]
[BlackFideId "4114191"]
[EventDate "2018.07.20"]

1. e4 c6 2. d4 d5 3. Nd2 dxe4 4. Nxe4 Nf6 5. Nxf6+ exf6 6. c3 Bd6 7. Bd3 O-O 8.
Qc2 Re8+ 9. Ne2 h6 10. O-O Qc7 11. Ng3 Nd7 12. Be3 Nf8 13. Rfe1 Bg4 14. Kh1 Bxg3
15. hxg3 Qd7 16. Bf4 g5 17. Bd2 Bh5 18. Bf5 Qd5 19. Be4 Qd7 20. Bf5 Qd6 21. Rxe8
Rxe8 22. Re1 Rxe1+ 23. Bxe1 Qd5 24. b3 Bg6 25. g4 Kg7 26. f3 Ne6 1/2-1/2

[Event "29th Czech Open A 2018"]
[Site "Pardubice CZE"]
[Date "2018.07.25"]
[Round "6.94"]
[White "Stefansson, Hannes"]
[Black "Oberhofer, Cedric"]
[Result "1/2-1/2"]
[WhiteTitle "GM"]
[WhiteElo "2536"]
[BlackElo "2141"]
[WhiteFideId "2300087"]
[BlackFideId "12941220"]
[EventDate "2018.07.20"]

1. d4 Nf6 2. Nf3 g6 3. g3 Bg7 4. Bg2 O-O 5. c4 d5 6. cxd5 Nxd5 7. O-O Nc6 8. Nc3
Nb6 9. e3 Re8 10. d5 Na5 11. Nd4 Bd7 12. e4 c6 13. Bf4 Bc8 14. Nde2 e5 15. dxe6
Bxe6 16. b3 Nd7 17. Qc2 Ne5 18. Rad1 Qe7 19. h3 Rad8 20. Be3 b6 21. f4 Nd7 22.
Nd4 Nf8 23. e5 f6 24. exf6 Bxf6 25. Rfe1 Qg7 26. Nxe6 Nxe6 27. Rxd8 Rxd8 28. Ne4
Bd4 29. Kh2 Bxe3 30. Rxe3 Nd4 31. Qf2 h6 32. g4 Rf8 33. g5 hxg5 34. Nxg5 Qf6 35.
Re4 Qxg5 36. Rxd4 Qf6 37. Kg3 Nb7 38. Qd2 Rd8 39. Rxd8+ Nxd8 40. Qe3 Kg7 41. Qe5
c5 42. Bd5 Nf7 43. Qc7 Kf8 44. Qb8+ Nd8 45. h4 a5 46. Qc8 Kg7 47. Qd7+ Nf7 48.
a4 Kf8 49. Bxf7 Qxf7 50. Qd8+ Kg7 51. Qxb6 Qd5 52. Qc7+ Kh6 53. Qe5 Qxb3+ 54.
Kg4 Qd1+ 1/2-1/2

[Event "29th Czech Open A 2018"]
[Site "Pardubice CZE"]
[Date "2018.07.25"]
[Round "6.95"]
[White "Biriukov, Nikolai"]
[Black "Polyakov, Fedor"]
[Result "1-0"]
[WhiteTitle "IM"]
[WhiteElo "2398"]
[BlackElo "2165"]
[WhiteFideId "14103842"]
[BlackFideId "11602953"]
[EventDate "2018.07.20"]

1. Nf3 c5 2. e4 Nc6 3. b3 d6 4. Bb2 Nf6 5. Nc3 g6 6. Bb5 e5 7. O-O Bg7 8. Bxc6+
bxc6 9. d3 O-O 10. Nd2 Nh5 11. Ne2 Bh6 12. Nc4 f5 13. exf5 gxf5 14. f4 Bxf4 15.
Nxf4 Nxf4 16. Rxf4 exf4 17. Qd2 d5 18. Qxf4 d4 19. Qg3+ Kh8 20. Qe5+ Qf6 21.
Qxc5 Rd8 22. Re1 Rd5 23. Re8+ Kg7 24. Qb4 c5 25. Qa5 Kf7 26. Re1 Bd7 27. Bc1 Re8
28. Rxe8 Bxe8 29. Qxa7+ Kg8 30. Qb8 Qe6 31. Kf2 Qe7 32. Qg3+ Bg6 33. Bg5 Qe8 34.
Bf4 Rd7 35. Bd6 Rg7 36. Qe5 Qxe5 37. Nxe5 Ra7 38. a4 Bh5 39. Bxc5 Rc7 40. b4 Bd1
41. a5 Bxc2 42. a6 Ba4 43. a7 Rc8 44. Kg3 Kg7 45. Bxd4 Ra8 46. Kf4 Kf6 47. Bc5
h6 48. g3 Ke6 49. d4 Rg8 50. h3 Bb5 51. Ng6 Ra8 52. Nh4 Bd3 53. Ng2 Re8 54. Ne3
Rg8 55. d5+ Kf6 56. Bd6 Ba6 57. Nxf5 Bb7 58. Be5+ 1-0

[Event "29th Czech Open A 2018"]
[Site "Pardubice CZE"]
[Date "2018.07.25"]
[Round "6.96"]
[White "Tate, Alan"]
[Black "Milikow, Yoav"]
[Result "1-0"]
[WhiteTitle "FM"]
[WhiteElo "2352"]
[BlackElo "2161"]
[WhiteFideId "2401878"]
[BlackFideId "2822237"]
[EventDate "2018.07.20"]

1. Nf3 Nf6 2. b3 g6 3. Bb2 Bg7 4. g3 d6 5. d4 c5 6. c4 O-O 7. Bg2 Qa5+ 8. Nc3
Ne4 9. Rc1 Nc6 10. O-O Nxc3 11. Bxc3 Qa3 12. e3 e5 13. d5 Nb4 14. Qd2 b5 15.
Bxb4 cxb4 16. c5 Rd8 17. cxd6 Rxd6 18. Ng5 f5 19. Rc7 Bd7 20. Rxd7 Rxd7 21. d6
Rad8 22. Qd5+ Kh8 23. Nf7+ Rxf7 24. Qxf7 Qa6 25. Rd1 Rf8 26. Qe7 Qc8 27. d7 Qd8
28. Qxb4 f4 29. exf4 exf4 30. gxf4 g5 31. fxg5 Rg8 32. Qxb5 a6 33. Qd5 Bb2 34.
Re1 Rf8 35. Qd6 Bg7 36. h4 h5 37. gxh6 Bc3 38. Qxf8+ Qxf8 39. Re8 Kg8 40. Rxf8+
Kxf8 41. d8=Q+ 1-0

[Event "29th Czech Open A 2018"]
[Site "Pardubice CZE"]
[Date "2018.07.25"]
[Round "6.97"]
[White "Goluch, Piotr"]
[Black "Roenko, Artur"]
[Result "1/2-1/2"]
[WhiteTitle "FM"]
[WhiteElo "2332"]
[BlackElo "2162"]
[WhiteFideId "1137840"]
[BlackFideId "14136732"]
[EventDate "2018.07.20"]

1. Nf3 d5 2. d4 e6 3. c4 c6 4. e3 Nf6 5. b3 Ne4 6. Bd3 f5 7. O-O Bd6 8. Bb2 O-O
9. Ne5 Bd7 10. f3 Nf6 11. Nd2 Be8 12. e4 fxe4 13. fxe4 Bh5 14. Qc2 Na6 15. a3
Bxe5 16. dxe5 Qb6+ 17. Kh1 Ng4 18. exd5 Rxf1+ 19. Rxf1 Nf2+ 20. Rxf2 Qxf2 21.
Bxh7+ Kh8 22. h3 g6 23. Bxg6 Rg8 24. Be4 Nc5 25. Bc3 Be2 26. dxe6 Bd3 27. e7
Bxe4 28. e6+ Kh7 29. Nxe4 Qxc2 30. Nf6+ Kg6 31. Nxg8 Qc1+ 32. Kh2 Qf4+ 33. Kh1
Qc1+ 34. Kh2 Qf4+ 35. Kh1 1/2-1/2

[Event "29th Czech Open A 2018"]
[Site "Pardubice CZE"]
[Date "2018.07.25"]
[Round "6.98"]
[White "Eriksson, Christian Altenburg"]
[Black "Vyskocil, Neklan"]
[Result "1-0"]
[BlackTitle "IM"]
[WhiteElo "2159"]
[BlackElo "2327"]
[WhiteFideId "1412159"]
[BlackFideId "307106"]
[EventDate "2018.07.20"]

1. e4 g6 2. d4 Bg7 3. c3 d6 4. Nf3 Nf6 5. Bd3 O-O 6. O-O Nc6 7. d5 Ne5 8. Nxe5
dxe5 9. c4 e6 10. Nc3 exd5 11. cxd5 b6 12. Re1 Bb7 13. Bg5 h6 14. Bh4 a6 15. a4
Qd6 16. Qe2 Nh5 17. g3 Rfe8 18. Rac1 Bf8 19. Bc4 Qd7 20. Qf3 Bc5 21. Be2 Qd6 22.
Qd3 Ng7 23. g4 Rf8 24. Bg3 Ne8 25. Kg2 Kg7 26. Rf1 g5 27. Nd1 f6 28. b3 Qe7 29.
Rc2 Rd8 30. Ne3 Nd6 31. f3 Bxe3 32. Qxe3 Bc8 33. Qc1 Rf7 34. h3 a5 35. Be1 Nb7
36. Bb5 Nc5 37. Qe3 Bd7 38. b4 Bxb5 39. axb5 Nb7 40. bxa5 Nxa5 41. Bxa5 bxa5 42.
Qa7 Qb4 43. Rxc7 Rf8 44. Qc5 Qxc5 45. Rxc5 Rb8 46. Ra1 Ra7 47. Ra4 Kf7 48. h4
gxh4 49. Kh3 Rb6 50. Kxh4 Kg6 51. Kg3 Rb8 52. f4 exf4+ 53. Kxf4 Rb6 54. Ra1 a4
55. Ra3 Ra5 56. Rc4 Raxb5 57. Rcxa4 Rb1 58. Ra1 R1b2 59. R4a2 R2b3 60. Ra3 Rb2
61. Rd1 Rf2+ 62. Rf3 Rc2 63. d6 Rc8 64. d7 Rd8 65. Rfd3 Re6 66. Rd6 Re5 67. R1d5
Rxd5 68. Rxd5 Kf7 69. Kf5 Ke7 70. Rd1 Kf7 71. Rd6 Ke7 72. Rxf6 Rxd7 73. Rxh6 Rd1
74. Rh7+ Kf8 75. Ke6 Rg1 76. Rh4 Kg7 77. e5 Rg2 78. Ke7 Rg3 79. g5 Rxg5 80. e6
Rg1 81. Re4 Rg6 82. Ke8 Rg2 83. e7 Rh2 84. Kd8 1-0

[Event "29th Czech Open A 2018"]
[Site "Pardubice CZE"]
[Date "2018.07.25"]
[Round "6.99"]
[White "Klecker, Tadeas"]
[Black "Monnisha, G K"]
[Result "0-1"]
[BlackTitle "WIM"]
[WhiteElo "2138"]
[BlackElo "2292"]
[WhiteFideId "326950"]
[BlackFideId "5009936"]
[EventDate "2018.07.20"]

1. d4 Nf6 2. c4 e6 3. Nf3 d5 4. cxd5 exd5 5. Nc3 Be7 6. Bg5 O-O 7. e3 c6 8. Qc2
Re8 9. Bd3 h6 10. Bh4 Ne4 11. Bxe7 Qxe7 12. O-O Nd7 13. Rab1 a5 14. a3 f5 15.
Rfc1 g5 16. Re1 g4 17. Nd2 Ndf6 18. Re2 Qg7 19. Kh1 Qg5 20. Na4 Qh4 21. Kg1 Qg5
22. Kh1 Be6 23. Nc5 Nd6 24. b4 axb4 25. axb4 Bf7 26. b5 cxb5 27. Bxb5 Nxb5 28.
Rxb5 g3 29. fxg3 Rxe3 30. Rxe3 Qxe3 31. h3 Nh5 32. Rb3 Ra1+ 33. Nb1 Nxg3+ 34.
Kh2 Nf1+ 35. Kh1 Qf4 36. g3 Qxd4 37. Rd3 Qb4 38. Nb3 Qe4+ 39. Kg1 Ne3 40. Qc8+
Kh7 41. Kf2 Rxb1 42. Rxe3 Rb2+ 43. Kf1 Qh1# 0-1

[Event "29th Czech Open A 2018"]
[Site "Pardubice CZE"]
[Date "2018.07.25"]
[Round "6.100"]
[White "Kutynec, Vladimir"]
[Black "Bulockin, Martin"]
[Result "1-0"]
[WhiteTitle "IM"]
[WhiteElo "2273"]
[BlackElo "2154"]
[WhiteFideId "4119843"]
[BlackFideId "371610"]
[EventDate "2018.07.20"]

1. Nf3 c5 2. c4 g6 3. d4 cxd4 4. Nxd4 Nc6 5. e4 Nf6 6. Nc3 Nxd4 7. Qxd4 d6 8.
Be2 Bg7 9. Be3 O-O 10. Qd2 Be6 11. Rc1 Qa5 12. b3 Rfc8 13. O-O a6 14. f4 Rab8
15. f5 Bd7 16. b4 Qd8 17. Ba7 Ra8 18. Bd4 b5 19. fxg6 hxg6 20. Nd5 Nxd5 21. exd5
bxc4 22. Bxg7 Kxg7 23. Qd4+ f6 24. Bxc4 Bb5 25. Rfe1 Bxc4 26. Rxc4 Rxc4 27. Qxc4
Qb6+ 28. Kf1 Ra7 29. a4 Rc7 30. Qe4 Qb8 31. h4 Qh8 32. g3 Qh5 33. Qd3 Qg4 34. b5
axb5 35. axb5 Kf7 36. b6 Rb7 37. Rb1 Qh3+ 38. Kf2 Qc8 39. Rb5 Qh3 40. Qe4 Qd7
41. Rb2 Rb8 42. g4 Kg7 43. h5 f5 44. gxf5 Qxf5+ 45. Qxf5 gxf5 46. Kf3 Kh6 47.
Kf4 Kxh5 48. Kxf5 Kh6 49. Ke6 Rb7 50. Rg2 Kh7 51. Rc2 Rxb6 52. Kxe7 Kg7 53. Rc6
Rb1 54. Kxd6 Kf7 55. Kd7 Rd1 56. d6 Rd2 57. Rc1 Re2 58. Rf1+ 1-0

[Event "29th Czech Open A 2018"]
[Site "Pardubice CZE"]
[Date "2018.07.25"]
[Round "6.101"]
[White "Kopylov, Daniel"]
[Black "Kyrychenko, Maryan"]
[Result "1-0"]
[BlackTitle "FM"]
[WhiteElo "2272"]
[BlackElo "2152"]
[WhiteFideId "12921971"]
[BlackFideId "14137178"]
[EventDate "2018.07.20"]

1. e4 c5 2. Nf3 d6 3. d4 cxd4 4. Nxd4 Nf6 5. Nc3 a6 6. Be3 e5 7. Nf3 Be7 8. Bc4
O-O 9. O-O Nbd7 10. a4 Qc7 11. Qe2 b6 12. Rfd1 Bb7 13. Bg5 h6 14. Bxf6 Nxf6 15.
Nh4 Rfc8 16. Bb3 Bc6 17. Nf5 Bf8 18. Qf3 Nh7 19. Qg4 Kh8 20. Rd3 g6 21. Ne3 h5
22. Qf3 Ra7 23. Ned5 Qd8 24. Qe3 Bxd5 25. Nxd5 Rc5 26. c3 Rd7 27. Ba2 b5 28. a5
Qg5 29. Nb4 Qxe3 30. Rxe3 Ra7 31. Rd3 Ng5 32. Bd5 Kg7 33. Rdd1 Ne6 34. g3 Rc8
35. Ra3 Nc5 36. Rc1 Be7 37. c4 Bg5 38. Rd1 bxc4 39. Bxc4 Nxe4 40. Bxa6 Rca8 41.
Bd3 Nc5 42. a6 Bf6 43. Bc4 e4 44. b3 e3 45. fxe3 Bc3 46. Nc6 Rc7 47. Rxd6 Ne4
48. Rd8 Rxd8 49. Nxd8 Bd2 50. Nxf7 Bxe3+ 51. Kg2 Ra7 52. Ne5 Nd6 53. Ra5 Nf5 54.
Rb5 Kf6 55. Bd3 Nd4 56. Rb7 Nxb3 57. Nxg6 Nc5 58. Rb6+ Kg7 59. Nf4 h4 60. g4
Nxd3 1-0

[Event "29th Czech Open A 2018"]
[Site "Pardubice CZE"]
[Date "2018.07.25"]
[Round "6.102"]
[White "Roessler, Ulrike"]
[Black "Petrova, Kristyna"]
[Result "1/2-1/2"]
[WhiteTitle "WIM"]
[BlackTitle "WIM"]
[WhiteElo "2137"]
[BlackElo "2264"]
[WhiteFideId "4622650"]
[BlackFideId "309672"]
[EventDate "2018.07.20"]

1. e4 c5 2. Nf3 e6 3. d4 cxd4 4. Nxd4 Nc6 5. Nc3 Qc7 6. Be2 a6 7. O-O Nf6 8. Be3
Be7 9. f4 d6 10. Qe1 O-O 11. Qg3 Nxd4 12. Bxd4 b5 13. a3 Bb7 14. Bd3 e5 15. fxe5
Nh5 16. Qf2 dxe5 17. Bb6 Qd6 18. Rad1 Qg6 19. Nd5 Bxd5 20. exd5 e4 21. Be2 Bd6
22. Qf5 Nf4 23. Bg4 Rfe8 24. g3 Qxf5 25. Bxf5 Nh5 26. g4 Nf4 27. Rfe1 Nh3+ 28.
Kg2 Ng5 29. Re2 g6 30. Bd7 Re7 31. Bc6 Rf8 32. Be3 Nf3 33. b4 f5 34. Bc5 Rd8 35.
Bxd6 Rxd6 36. gxf5 gxf5 37. Kg3 Ne5 38. Rf1 Rf6 39. Ref2 Rg7+ 40. Kf4 Nc4 41. h3
e3 42. Re2 Re7 43. Rg1+ Kf8 44. Reg2 Rg6 45. Rxg6 hxg6 46. Kf3 Kg7 47. a4 Ne5+
48. Ke2 Nxc6 49. dxc6 Rc7 50. axb5 axb5 51. Kxe3 Rxc6 52. Kd3 Rc4 53. c3 Rh4 54.
Rg3 Kf6 55. Ke2 g5 56. Rd3 Ke5 57. Kf2 Rc4 58. Rg3 g4 59. hxg4 fxg4 60. Rd3 Kf4
61. Kg2 Ke4 62. Rg3 Ke5 63. Rd3 Ke4 64. Rg3 Kf4 65. Rd3 Ke4 1/2-1/2